Spotrebné úvery napriek ich rozvoju zatiaľ nekonkurujú lízingu
Spotrebný úver na nákup osobného automobilu zatiaľ nepredstavuje výraznejšiu konkurenciu získaniu auta na lízing. Jedine ponuka Slovenskej sporiteľne, a.s. Bratislava predstavuje výraznú konkurenciu lízingu. Tvrdé podmienky získania úveru z banky. Porovnanie štandardných ponúk lízingu automobilu s b...
Salvato in:
| Autore principale: | |
|---|---|
| Natura: | Capitolo di libro |
| Lingua: | slovacco |
| Soggetti: | |
| Tags: |
Nessun Tag, puoi essere il primo ad aggiungerne!!
|
MARC
| LEADER | 00000naa a2200000 4500 | ||
|---|---|---|---|
| 001 | r043234 | ||
| 005 | 20230921112305.9 | ||
| 041 | 0 | |a slo | |
| 044 | |a SK | ||
| 245 | 1 | 0 | |a Spotrebné úvery napriek ich rozvoju zatiaľ nekonkurujú lízingu |c Peter Apolen |
| 520 | |a Spotrebný úver na nákup osobného automobilu zatiaľ nepredstavuje výraznejšiu konkurenciu získaniu auta na lízing. Jedine ponuka Slovenskej sporiteľne, a.s. Bratislava predstavuje výraznú konkurenciu lízingu. Tvrdé podmienky získania úveru z banky. Porovnanie štandardných ponúk lízingu automobilu s bankovým úverom. | ||
| 610 | 2 | 0 | |a úver bankový |
| 610 | 2 | 0 | |a úver spotrebiteľský |
| 610 | 2 | 0 | |a lízing |
| 610 | 2 | 0 | |a automobily osobné |
| 610 | 2 | 0 | |a banky |
| 610 | 2 | 0 | |a ponuka |
| 610 | 2 | 0 | |a konkurencia |
| 100 | 1 | |a Apolen, Peter | |